000 00500cam a22001577a 4500
008 180718b1976 xxu||||| |||| 00| 0 eng d
020 _a0275022307
082 _aJ7x73 F495
100 _aFinkler, Earl
245 _aUrban nongrowth : city planning for people
_cby Earl Finkler, William J. Toner And Frank J. Popper
260 _aNew York
_bPraeger
_c1976
300 _aix,227p
650 _aCities and towns - planning - united states .
700 _aPopper, Frank J.
700 _aToner, William J.
999 _c409631
_d409631